[Event "M.Botvinnik Memorial 2012"]
[Site "St. Petersburg, Russia"]
[Date "2012.09.01"]
[Round "8.97"]
[White "Kamnev, Alexander"]
[Black "Tarakanova, Valeria"]
[Result "0-1"]
[WhiteElo "1890"]
[BlackElo "1767"]
[PlyCount "50"]
[EventDate "2012.08.25"]

1. e4 e5 2. Nf3 Nc6 3. Bb5 a6 4. Ba4 Nf6 5. O-O Be7 6. Re1 b5 7. Bb3 O-O 8. c3
d5 9. exd5 Nxd5 10. Nxe5 Nxe5 11. Rxe5 Nf6 12. d4 Bd6 13. Re1 Ng4 14. g3 Nxh2
15. Kxh2 Qh4+ 16. Kg1 Bxg3 17. Qf3 Bh2+ 18. Kg2 Bg4 19. Qd3 Rae8 20. Rf1 Be2
21. Qf5 g6 22. Qd7 Bxf1+ 23. Kxf1 Re7 24. Bg5 Qxg5 25. Qh3 Qg1# 0-1

[Event "M.Botvinnik Memorial 2012"]
[Site "St. Petersburg, Russia"]
[Date "2012.09.01"]
[Round "8.98"]
[White "Nikiforov, Vyacheslav"]
[Black "Kholova, Elena"]
[Result "1-0"]
[WhiteElo "1880"]
[BlackElo "1753"]
[PlyCount "69"]
[EventDate "2012.08.25"]

1. e4 c6 2. d4 d5 3. Nc3 dxe4 4. Nxe4 Nf6 5. Nxf6+ gxf6 6. Bc4 Bf5 7. Nf3 Qc7
8. O-O Nd7 9. Re1 e6 10. Nh4 Bg6 11. c3 O-O-O 12. Qe2 Bd6 13. g3 f5 14. Bg5
Rde8 15. Ng2 f6 16. Bh4 e5 17. d5 e4 18. dxc6 bxc6 19. Ba6+ Kb8 20. Red1 Rhg8
21. Qd2 Bh5 22. Qxd6 Bxd1 23. Rxd1 Qxd6 24. Rxd6 Kc7 25. Rd1 Ne5 26. Bxf6 Nf3+
27. Kf1 Nxh2+ 28. Ke2 Ng4 29. Bd4 Rgf8 30. Rh1 h6 31. Bc4 Rb8 32. b4 a5 33. Nf4
Kd7 34. Bc5 Rf6 35. Rd1+ 1-0

[Event "M.Botvinnik Memorial 2012"]
[Site "St. Petersburg, Russia"]
[Date "2012.09.01"]
[Round "8.99"]
[White "Gusev, Boris"]
[Black "Glazov, Anatoly"]
[Result "0-1"]
[WhiteElo "1724"]
[BlackElo "1856"]
[PlyCount "48"]
[EventDate "2012.08.25"]

1. e4 e6 2. d4 d5 3. e5 c5 4. c3 Nc6 5. Nf3 Nge7 6. Be2 Nf5 7. O-O cxd4 8. g4
Nh6 9. cxd4 Nxg4 10. h3 Nh6 11. Bxh6 gxh6 12. Kh2 Qc7 13. Nc3 a6 14. Rc1 f6 15.
Kh1 Bg7 16. Re1 fxe5 17. Nxe5 O-O 18. Rg1 Qd6 19. Bh5 Nxe5 20. Rxg7+ Kxg7 21.
dxe5 Qxe5 22. h4 Bd7 23. Qg4+ Kh8 24. Rg1 Rxf2 0-1

[Event "M.Botvinnik Memorial 2012"]
[Site "St. Petersburg, Russia"]
[Date "2012.09.01"]
[Round "8.101"]
[White "Popov, Alexei"]
[Black "Panov, Konstantin"]
[Result "1-0"]
[WhiteElo "1797"]
[BlackElo "1604"]
[PlyCount "61"]
[EventDate "2012.08.25"]

1. e4 e6 2. d4 d5 3. e5 c5 4. c3 Qb6 5. Nf3 Nc6 6. Be2 cxd4 7. cxd4 Bb4+ 8. Bd2
Nxd4 9. Nxd4 Qxd4 10. Qa4+ Bd7 11. Qxb4 Qxe5 12. Bc3 Qg5 13. O-O Bc6 14. Bb5
Ne7 15. Bxc6+ bxc6 16. Nd2 O-O 17. Nf3 Qg6 18. Qxe7 Rfe8 19. Qh4 f6 20. Rfe1 e5
21. Bb4 Qf7 22. Rac1 Qb7 23. Ba3 Rac8 24. Qg3 Qb5 25. Rc5 Qb6 26. Nh4 g6 27.
Nxg6 hxg6 28. Qxg6+ Kh8 29. Re3 Rc7 30. Rh3+ Rh7 31. Rxh7# 1-0

[Event "M.Botvinnik Memorial 2012"]
[Site "St. Petersburg, Russia"]
[Date "2012.09.01"]
[Round "8.104"]
[White "Klimshin, Ilia"]
[Black "Bezulenko, Evgeny"]
[Result "1-0"]
[WhiteElo "1678"]
[BlackElo "1915"]
[PlyCount "73"]
[EventDate "2012.08.25"]

1. e4 e6 2. d4 d5 3. exd5 exd5 4. Bd3 Nf6 5. Nf3 Be7 6. Nc3 O-O 7. O-O Bg4 8.
h3 Bh5 9. Re1 Nc6 10. Be3 Bb4 11. a3 Bxc3 12. bxc3 Ne4 13. c4 f5 14. cxd5 Qxd5
15. c4 Qd6 16. Qb3 Bf7 17. d5 Na5 18. Qb2 Nc5 19. Bxf5 Nxc4 20. Bxh7+ Kh8 21.
Qc2 Nxe3 22. Rxe3 Bxd5 23. Rd1 Ne6 24. Be4 c6 25. Bxd5 cxd5 26. Re5 Nf4 27. g3
Nxh3+ 28. Kg2 g6 29. Rdxd5 Qf6 30. Kxh3 Qxf3 31. Qxg6 Qh1+ 32. Kg4 Rf4+ 33.
Kxf4 Rf8+ 34. Rf5 Qc1+ 35. Kg4 Qc4+ 36. Kh3 Qf1+ 37. Kh2 1-0

[Event "M.Botvinnik Memorial 2012"]
[Site "St. Petersburg, Russia"]
[Date "2012.09.01"]
[Round "8.105"]
[White "Dyakov, Vladislav"]
[Black "Kokhnover, Ilya"]
[Result "1-0"]
[WhiteElo "1855"]
[BlackElo "1743"]
[PlyCount "97"]
[EventDate "2012.08.25"]

1. e4 c5 2. Nf3 e6 3. d4 cxd4 4. Nxd4 a6 5. Nc3 Qc7 6. Be2 Bb4 7. Qd3 Nf6 8.
O-O O-O 9. Kh1 Nc6 10. f4 Bxc3 11. bxc3 b5 12. e5 Nd5 13. Qh3 Bb7 14. Bd3 f5
15. Bd2 Nce7 16. Ne2 Rac8 17. a4 bxa4 18. Rxa4 Nb6 19. Rb4 Ned5 20. Rd4 Ne7 21.
Ra1 Ra8 22. Rb4 Ned5 23. Rb3 a5 24. Nd4 a4 25. Rba3 Ba6 26. Bxa6 Rxa6 27. Qd3
Rfa8 28. Nb5 Qc6 29. Nd6 Nc8 30. Nc4 Ndb6 31. Nb2 R6a7 32. c4 Ne7 33. Be3 Nec8
34. Qc3 Ra6 35. Qd3 d5 36. c5 Nc4 37. Nxc4 dxc4 38. Qxc4 Nb6 39. Qd3 Nd5 40. c4
Nb4 41. Qc3 Qb7 42. Rb1 Nd5 43. Rxb7 Nxc3 44. Rxc3 a3 45. Rc1 a2 46. Ra1 Ra3
47. Bg1 Kf8 48. c6 Rc8 49. Bc5+ 1-0

[Event "M.Botvinnik Memorial 2012"]
[Site "St. Petersburg, Russia"]
[Date "2012.09.01"]
[Round "8.106"]
[White "Fokin, Anatoly"]
[Black "Timirev, Sergey"]
[Result "1-0"]
[WhiteElo "1803"]
[BlackElo "1848"]
[PlyCount "85"]
[EventDate "2012.08.25"]

1. d4 Nf6 2. c4 c5 3. e3 g6 4. Nc3 cxd4 5. exd4 d5 6. h3 Bg7 7. Nf3 O-O 8. Bd3
dxc4 9. Bxc4 a6 10. a3 b5 11. Ba2 Bb7 12. O-O Nbd7 13. Be3 Nb6 14. Ne5 Nbd5 15.
Rc1 Rc8 16. Qd3 Nxe3 17. fxe3 e6 18. e4 Nd7 19. Nxf7 Qb6 20. Ng5 Bxd4+ 21. Kh1
Ne5 22. Qg3 Nc4 23. Bxc4 bxc4 24. Rcd1 h6 25. Nf3 Bxc3 26. bxc3 Bxe4 27. Ne5
Qc7 28. Rfe1 Bd3 29. Qe3 Kh7 30. Nxd3 cxd3 31. Rxd3 Rce8 32. c4 Rf7 33. c5 Ref8
34. Rd6 Rf6 35. Kg1 Qf7 36. Rxe6 Rxe6 37. Qxe6 Qxe6 38. Rxe6 Rf5 39. Re7+ Kg8
40. c6 Rc5 41. c7 Kf8 42. Rd7 Ke8 43. Rd8+ 1-0

[Event "M.Botvinnik Memorial 2012"]
[Site "St. Petersburg, Russia"]
[Date "2012.09.01"]
[Round "8.107"]
[White "Levdansky, Alexey"]
[Black "Egorov, Daniil"]
[Result "1/2-1/2"]
[WhiteElo "1716"]
[BlackElo "1824"]
[PlyCount "120"]
[EventDate "2012.08.25"]

1. Nf3 g6 2. d4 Nf6 3. g3 Bg7 4. Bg2 O-O 5. O-O d6 6. c4 Nbd7 7. Nc3 e5 8. d5
a5 9. e4 Nc5 10. Ne1 c6 11. Nd3 Nfd7 12. Be3 Nxd3 13. Qxd3 c5 14. Kh1 f5 15.
exf5 gxf5 16. f3 Qe8 17. Nb5 Qg6 18. Nc7 Rb8 19. Ne6 Rf7 20. Nxg7 Rxg7 21. Rg1
Qh5 22. Raf1 Rxg3 23. Bh3 Rxg1+ 24. Rxg1+ Kf7 25. Qxf5+ Qxf5 26. Bxf5 Nf6 27.
Bxc8 Rxc8 28. Bd2 b6 29. Bh6 Rg8 30. Rxg8 Nxg8 31. Bg5 Ne7 32. Kg2 Nf5 33. b3
h6 34. Bd8 a4 35. Bxb6 axb3 36. axb3 Nd4 37. Bc7 Ke7 38. Ba5 Nxb3 39. Bc3 Nd4
40. Kf2 Nf5 41. Ke2 h5 42. Kf2 Kf7 43. Bd2 Kf6 44. Ba5 Kg5 45. Bd8+ Kf4 46. Ba5
Kg5 47. Bd8+ Kf4 48. Ba5 e4 49. fxe4 Kxe4 50. Bc7 h4 51. h3 Kf4 52. Ba5 Nd4 53.
Bc7 Nf5 54. Ba5 Ke4 55. Bc7 Kd4 56. Kf3 Kxc4 57. Kf4 Ne7 58. Bxd6 Nxd5+ 59. Kg5
Ne3 60. Bxc5 Kxc5 1/2-1/2

[Event "M.Botvinnik Memorial 2012"]
[Site "St. Petersburg, Russia"]
[Date "2012.09.01"]
[Round "8.108"]
[White "Oxener, Aldo"]
[Black "Klimentiev, Sergey"]
[Result "0-1"]
[WhiteElo "1513"]
[BlackElo "1896"]
[PlyCount "97"]
[EventDate "2012.08.25"]

1. Nf3 c5 2. e3 d6 3. d4 cxd4 4. exd4 Nf6 5. Bc4 Qc7 6. Qd3 g6 7. O-O a6 8. Bg5
Bg7 9. Re1 Nc6 10. a3 O-O 11. Nc3 Bf5 12. Qe2 Bg4 13. Rad1 e5 14. dxe5 Bxf3 15.
Qxf3 Nxe5 16. Qf4 Nh5 17. Bxf7+ Rxf7 18. Qe4 Qb6 19. Be3 Qc6 20. Qxc6 Nxc6 21.
Rxd6 Bxc3 22. bxc3 Ng7 23. g4 Ne5 24. Red1 Nxg4 25. Bc5 Nf5 26. Rd7 Rxd7 27.
Rxd7 Re8 28. Rxb7 Nh4 29. Rb1 Re2 30. Rc1 Kf7 31. Kf1 Re5 32. Bd4 Nxh2+ 33. Kg1
N2f3+ 34. Kh1 Rg5 35. Ba7 Rg2 36. Bb8 Rxf2 37. a4 Nf5 38. a5 Ne3 39. Rb1 Rxc2
40. Ra1 Rxc3 41. Rb1 Rc4 42. Bg3 Rd4 43. Rb7+ Ke6 44. Rb6+ Kf5 45. Rb1 Ra4 46.
Bf2 Ke4 47. Bg3 Ra2 48. Bc7 Kd3 49. Bb6 0-1

[Event "M.Botvinnik Memorial 2012"]
[Site "St. Petersburg, Russia"]
[Date "2012.09.01"]
[Round "8.109"]
[White "Lysukha, Nikita"]
[Black "Sokolov, Ilia"]
[Result "1/2-1/2"]
[WhiteElo "1759"]
[BlackElo "1712"]
[PlyCount "117"]
[EventDate "2012.08.25"]

1. d4 Nf6 2. c4 g6 3. Nc3 Bg7 4. e4 d6 5. Nf3 O-O 6. Be2 e5 7. d5 Ne8 8. O-O f5
9. Ng5 Qf6 10. Qb3 b6 11. Nf3 f4 12. Ne1 g5 13. Qd1 Rf7 14. Nb5 a6 15. Nc3 Bd7
16. Bh5 Re7 17. Bg4 Qg6 18. Bxd7 Nxd7 19. Nd3 g4 20. f3 h5 21. b4 Ndf6 22. Nf2
g3 23. hxg3 fxg3 24. Nh3 h4 25. Qd2 Nh7 26. a3 Nef6 27. Rb1 Nh5 28. Ne2 Bf6 29.
c5 Rg7 30. cxb6 cxb6 31. Qe3 Rb8 32. Bd2 Ng5 33. Nxg5 Bxg5 34. Qxg5 Qxg5 35.
Bxg5 Rxg5 36. Rfc1 Rg7 37. Rc6 Rd7 38. Rbc1 Kf7 39. Kf1 Ke7 40. Nc3 Nf4 41. Na4
h3 42. gxh3 g2+ 43. Kg1 Rg8 44. Kh2 Nxh3 45. Kxh3 g1=Q 46. Rxg1 Rxg1 47. Nxb6
Rd8 48. Rc7+ Kf6 49. Rc8 Rxc8 50. Nxc8 Kg5 51. Nxd6 Kf4 52. Nf7 Kxf3 53. Nxe5+
Kxe4 54. Nc6 Kxd5 55. Nb8 Rg6 56. a4 Rb6 57. Nd7 Rxb4 58. Kg2 Rxa4 59. Nb6+
1/2-1/2

[Event "M.Botvinnik Memorial 2012"]
[Site "St. Petersburg, Russia"]
[Date "2012.09.01"]
[Round "8.110"]
[White "Bezobrazov, Lev"]
[Black "Trumul, Svetlana"]
[Result "1-0"]
[WhiteElo "1675"]
[BlackElo "1474"]
[PlyCount "107"]
[EventDate "2012.08.25"]

1. Nf3 d6 2. d4 Nc6 3. b3 Nf6 4. e3 Bf5 5. Bd3 Bxd3 6. Qxd3 e6 7. Bb2 Be7 8.
Nc3 d5 9. Qb5 O-O 10. Qxb7 Nb4 11. Rc1 Bd6 12. Qb5 Ng4 13. h3 Nh6 14. a3 Rb8
15. Qa4 Nc6 16. Qxc6 Rb6 17. Qa4 Qf6 18. b4 a6 19. Ne2 Rfb8 20. c3 c5 21. dxc5
Bxc5 22. Qc2 Bd6 23. c4 Qe7 24. Qc3 f6 25. c5 Be5 26. Nxe5 Rc8 27. Ng4 Nf7 28.
Qd4 e5 29. Qxd5 Rbb8 30. Qb3 Rd8 31. Rd1 h5 32. Nh2 Rdc8 33. Qc3 a5 34. Nf3
axb4 35. axb4 Rd8 36. O-O Rdc8 37. Rd2 Rc7 38. Rfd1 Rbb7 39. Nh4 Kh7 40. Qd3+
e4 41. Qc3 Rc6 42. Nd4 Rcc7 43. Nhf5 Qe8 44. Nxg7 Qe5 45. Nge6 Rc8 46. Nf4 Rg8
47. Nde6 Qf5 48. Rd5 Ne5 49. c6 Rxg2+ 50. Kxg2 Rg7+ 51. Nxg7 Qg5+ 52. Kf1 Qxg7
53. Rxe5 fxe5 54. Rd7 1-0

[Event "M.Botvinnik Memorial 2012"]
[Site "St. Petersburg, Russia"]
[Date "2012.09.02"]
[Round "9.1"]
[White "Zvjaginsev, Vadim"]
[Black "Areshchenko, Alexander"]
[Result "1/2-1/2"]
[WhiteElo "2671"]
[BlackElo "2691"]
[PlyCount "82"]
[EventDate "2012.08.25"]

1. e4 c5 2. Nf3 d6 3. d4 cxd4 4. Qxd4 Nc6 5. Bb5 Bd7 6. Qd3 Nf6 7. c4 g6 8. Nc3
Bg7 9. h3 O-O 10. O-O a6 11. Bxc6 Bxc6 12. Nd4 Nd7 13. Be3 Rc8 14. Rac1 Nc5 15.
Qc2 Ne6 16. Qd2 Nxd4 17. Bxd4 b5 18. cxb5 axb5 19. Bxg7 Kxg7 20. Qd4+ f6 21. a3
Qd7 22. Rfd1 Qb7 23. f3 Rc7 24. Rd2 Rfc8 25. Rcd1 Be8 26. Nd5 Rc6 27. Qe3 Bf7
28. Rd4 Rc4 29. R1d2 Bxd5 30. exd5 Qa7 31. Kf1 Rxd4 32. Qxd4 Rc1+ 33. Ke2 Qc7
34. Kf2 h5 35. Re2 Rc2 36. Rxc2 Qxc2+ 37. Kg3 Kf7 38. h4 Qe2 39. Kh3 Qe1 40.
Qd3 Qh1+ 41. Kg3 Qe1+ 1/2-1/2

[Event "M.Botvinnik Memorial 2012"]
[Site "St. Petersburg, Russia"]
[Date "2012.09.02"]
[Round "9.2"]
[White "Khairullin, Ildar"]
[Black "Aleksandrov, Aleksej"]
[Result "1-0"]
[WhiteElo "2633"]
[BlackElo "2597"]
[PlyCount "95"]
[EventDate "2012.08.25"]

1. e4 e5 2. Nf3 Nc6 3. d4 exd4 4. Nxd4 Bc5 5. Nb3 Bb6 6. Nc3 d6 7. Qe2 Nge7 8.
Be3 O-O 9. O-O-O f5 10. f4 fxe4 11. g3 Qe8 12. Bg2 Bxe3+ 13. Qxe3 Bg4 14. Rd2
Nf5 15. Qxe4 Ne3 16. Bf3 Qh5 17. Bxg4 Nxg4 18. Nd5 Qf7 19. Nxc7 Qxc7 20. Qe6+
Rf7 21. Qxg4 a5 22. Nd4 a4 23. Nb5 Qb6 24. Nxd6 a3 25. bxa3 Re7 26. Nc8 Qe3 27.
Nxe7+ Nxe7 28. Kd1 Nd5 29. Rxd5 Qe4 30. Rd3 Qxh1+ 31. Kd2 Re8 32. Qd1 Qxh2+ 33.
Kc1 Qf2 34. Qf3 Qe1+ 35. Kb2 Qe7 36. Qd5+ Kh8 37. Qd6 Qf7 38. Rc3 h5 39. Rc7
Qf5 40. Rc5 Qf7 41. Rc7 Qf5 42. Rxb7 Rc8 43. Qd3 Qf6+ 44. c3 Rd8 45. Qe2 h4 46.
gxh4 Qxf4 47. Qh5+ Kg8 48. Qg5 1-0

[Event "M.Botvinnik Memorial 2012"]
[Site "St. Petersburg, Russia"]
[Date "2012.09.02"]
[Round "9.3"]
[White "Inarkiev, Ernesto"]
[Black "Fedorov, Alexei"]
[Result "1-0"]
[WhiteElo "2683"]
[BlackElo "2579"]
[PlyCount "51"]
[EventDate "2012.08.25"]

1. e4 c5 2. Nf3 e6 3. Nc3 a6 4. d4 cxd4 5. Nxd4 b5 6. Bd3 Bb7 7. O-O Bc5 8. Nb3
Be7 9. e5 f5 10. Re1 Qc7 11. Nd4 g6 12. Be3 Nc6 13. Bf1 Rc8 14. a4 b4 15. Na2
Nd8 16. Qd2 Qxe5 17. Nxb4 Nf6 18. f3 Nd5 19. Nxd5 Qxd5 20. b4 Qd6 21. c3 O-O
22. Rad1 f4 23. Bf2 Bf6 24. c4 a5 25. b5 Be7 26. Nf5 1-0

[Event "M.Botvinnik Memorial 2012"]
[Site "St. Petersburg, Russia"]
[Date "2012.09.02"]
[Round "9.4"]
[White "Pridorozhni, Aleksei"]
[Black "Alekseev, Evgeny"]
[Result "1/2-1/2"]
[WhiteElo "2533"]
[BlackElo "2673"]
[PlyCount "80"]
[EventDate "2012.08.25"]

1. e4 c5 2. Nf3 d6 3. c3 Nf6 4. h3 Nc6 5. Bd3 d5 6. e5 Nd7 7. Bb5 Qb6 8. Qa4 a6
9. Na3 Qc7 10. Bxc6 Qxc6 11. Qxc6 bxc6 12. d3 f6 13. Bf4 g5 14. Bg3 h5 15. exf6
exf6 16. Nc2 Be7 17. Ne3 Nf8 18. d4 Ng6 19. O-O-O O-O 20. Bc7 c4 21. g4 Ra7 22.
Bh2 h4 23. Nf5 Rd8 24. Rde1 Bf8 25. Nd2 c5 26. Nf3 Kf7 27. Re2 Re8 28. Rhe1
Rxe2 29. Rxe2 Bxf5 30. gxf5 Ne7 31. dxc5 Nxf5 32. Nd4 Nxd4 33. cxd4 Re7 34.
Rxe7+ Bxe7 35. f3 f5 36. Kd2 Ke6 37. b3 cxb3 38. axb3 Kd7 39. Be5 Kc6 40. Ke2
f4 1/2-1/2

[Event "M.Botvinnik Memorial 2012"]
[Site "St. Petersburg, Russia"]
[Date "2012.09.02"]
[Round "9.5"]
[White "Yevseev, Denis"]
[Black "Matlakov, Maxim"]
[Result "0-1"]
[WhiteElo "2535"]
[BlackElo "2663"]
[PlyCount "80"]
[EventDate "2012.08.25"]

1. Nf3 Nf6 2. c4 g6 3. Nc3 Bg7 4. e4 d6 5. d4 O-O 6. Be2 e5 7. O-O exd4 8. Nxd4
Re8 9. f3 c6 10. Kh1 Nh5 11. g4 Nf6 12. Rg1 a6 13. Bf4 d5 14. cxd5 cxd5 15. e5
Nfd7 16. Nb3 Nxe5 17. Qxd5 Nbc6 18. Qxd8 Rxd8 19. Rad1 Be6 20. Nc5 Bc4 21. Bxc4
Nxc4 22. Nxb7 Rxd1 23. Rxd1 Nxb2 24. Rd6 Ne5 25. Nd5 Nxf3 26. Nc7 Rc8 27. Rxa6
Nd3 28. Bd6 Bd4 29. Ra8 Rxa8 30. Nxa8 Nd2 31. Bg3 f5 32. gxf5 gxf5 33. Nd6 f4
34. Nf5 Bc5 35. Bh4 Kf7 36. Nc7 Kg6 37. Ne7+ Kh5 38. Bf6 f3 39. Nf5 Nf2+ 40.
Kg1 Nfe4+ 0-1

[Event "M.Botvinnik Memorial 2012"]
[Site "St. Petersburg, Russia"]
[Date "2012.09.02"]
[Round "9.6"]
[White "Popov, Valerij"]
[Black "Timofeev, Artyom"]
[Result "1-0"]
[WhiteElo "2557"]
[BlackElo "2639"]
[PlyCount "91"]
[EventDate "2012.08.25"]

1. e4 c5 2. Nf3 d6 3. d4 cxd4 4. Nxd4 Nf6 5. Nc3 e6 6. g4 h6 7. h3 a6 8. Bg2 g5
9. b3 Nbd7 10. Bb2 h5 11. gxh5 Nxh5 12. Nde2 Ne5 13. Qd4 Nf4 14. Nxf4 gxf4 15.
O-O-O Bd7 16. Kb1 Rg8 17. Bf1 Bc6 18. h4 Qa5 19. b4 Qc7 20. b5 Bd7 21. h5 Rh8
22. a4 Rh6 23. Qd2 Rf6 24. Qd4 Rh6 25. Be2 Qa5 26. Rhg1 f3 27. Bf1 Rh8 28. Ba3
Qc7 29. h6 Rc8 30. Bb4 f6 31. bxa6 bxa6 32. Bxa6 Nc6 33. Qxf6 Rxh6 34. Qxf8+
Kxf8 35. Bxd6+ Qxd6 36. Rxd6 Rb8+ 37. Bb5 Be8 38. Ka2 Ke7 39. Rgd1 Nb4+ 40. Ka3
Nxc2+ 41. Kb3 Ne1 42. e5 Ng2 43. Nd5+ Kf7 44. Rb6 Rc8 45. Rb7+ Kf8 46. Nb6 1-0

[Event "M.Botvinnik Memorial 2012"]
[Site "St. Petersburg, Russia"]
[Date "2012.09.02"]
[Round "9.7"]
[White "Bukavshin, Ivan"]
[Black "Lysyj, Igor"]
[Result "1/2-1/2"]
[WhiteElo "2476"]
[BlackElo "2624"]
[PlyCount "63"]
[EventDate "2012.08.25"]

1. d4 Nf6 2. c4 e6 3. g3 d5 4. Nf3 Be7 5. Bg2 O-O 6. O-O dxc4 7. Qc2 a6 8. a4
Bd7 9. Qxc4 Bc6 10. Bf4 Bd6 11. Bg5 Nbd7 12. Nc3 h6 13. Bxf6 Nxf6 14. a5 Qe7
15. Rfe1 Bb4 16. Rec1 Rfd8 17. e3 Bd6 18. Nd2 Bxg2 19. Kxg2 c5 20. dxc5 Bxg3
21. Nf3 Bc7 22. b4 Nd5 23. Ne4 Rac8 24. Rd1 Qe8 25. Rd4 Qc6 26. Rad1 Re8 27.
Ng3 Be5 28. R4d3 Bb8 29. Rd4 Be5 30. R4d3 Bb8 31. Rd4 Be5 32. R4d3 1/2-1/2

[Event "M.Botvinnik Memorial 2012"]
[Site "St. Petersburg, Russia"]
[Date "2012.09.02"]
[Round "9.8"]
[White "Khalifman, Alexander"]
[Black "Lintchevski, Daniil"]
[Result "1/2-1/2"]
[WhiteElo "2621"]
[BlackElo "2558"]
[PlyCount "29"]
[EventDate "2012.08.25"]

1. Nf3 d5 2. d4 Nf6 3. c4 c6 4. Nc3 dxc4 5. a4 Bf5 6. e3 e6 7. Bxc4 Bb4 8. O-O
Nbd7 9. Qb3 a5 10. Na2 Be7 11. Qxb7 Rb8 12. Qa6 Ra8 13. Qb7 Rb8 14. Qa6 Ra8 15.
Qb7 1/2-1/2

[Event "M.Botvinnik Memorial 2012"]
[Site "St. Petersburg, Russia"]
[Date "2012.09.02"]
[Round "9.9"]
[White "Kharchenko, Boris"]
[Black "Hovhannisyan, Robert"]
[Result "1-0"]
[WhiteElo "2476"]
[BlackElo "2612"]
[PlyCount "165"]
[EventDate "2012.08.25"]

1. e4 e5 2. Nf3 Nc6 3. Bb5 Nf6 4. O-O Nxe4 5. Re1 Nd6 6. Nxe5 Be7 7. Bd3 Nxe5
8. Rxe5 O-O 9. Nc3 Bf6 10. Re3 Bd4 11. Rh3 g6 12. Nd5 c6 13. Qg4 Bxf2+ 14. Kxf2
cxd5 15. Qd4 Ne4+ 16. Kg1 d6 17. Re3 Qb6 18. Qxd5 Nf6 19. Qb5 Qxb5 20. Bxb5 Nd5
21. Rb3 Nb6 22. Be2 Re8 23. Kf2 Bd7 24. d3 Ba4 25. Rb4 Rac8 26. c3 Rc5 27. Bd2
Bc6 28. Bf1 Rh5 29. h3 Nd5 30. Rd4 Rf5+ 31. Kg1 Ne3 32. Bxe3 Rxe3 33. Rxd6 h5
34. Rd1 Kf8 35. Rd8+ Ke7 36. Ra8 Ra5 37. Kf2 Re6 38. a3 b6 39. Rc8 Ba4 40. Rc1
Bd7 41. Rb8 h4 42. d4 Kd6 43. Bc4 Rf6+ 44. Kg1 Rg5 45. Rf1 Rxf1+ 46. Kxf1 Bc6
47. d5 Bxd5 48. Bxd5 Kxd5 49. Rb7 Rf5+ 50. Ke2 Kc4 51. Rxa7 Kb3 52. Ra6 Rf6 53.
a4 Kxb2 54. c4 Re6+ 55. Kf3 Rf6+ 56. Kg4 Rd6 57. Kxh4 Kc3 58. a5 Rd4+ 59. Kg5
bxa5 60. Rxa5 Rxc4 61. Ra7 Rc5+ 62. Kh6 f6 63. g4 g5 64. Kg6 Kd4 65. Rf7 Ke4
66. Rxf6 Ra5 67. Rf5 Ra3 68. Kxg5 Rxh3 69. Rf8 Rg3 70. Kh5 Ke5 71. g5 Ke6 72.
Kh6 Ke7 73. Rf1 Rh3+ 74. Kg7 Rh2 75. Re1+ Kd7 76. g6 Rh3 77. Kf7 Rf3+ 78. Kg8
Rh3 79. g7 Kd6 80. Re4 Kd5 81. Rg4 Kd6 82. Kf7 Rf3+ 83. Kg6 1-0

[Event "M.Botvinnik Memorial 2012"]
[Site "St. Petersburg, Russia"]
[Date "2012.09.02"]
[Round "9.10"]
[White "Romanov, Evgeny"]
[Black "Pakhomov, Egor"]
[Result "1-0"]
[WhiteElo "2595"]
[BlackElo "2417"]
[PlyCount "42"]
[EventDate "2012.08.25"]

1. d4 e6 2. Nf3 d5 3. c4 Nf6 4. g3 Bb4+ 5. Bd2 Be7 6. Bg2 O-O 7. O-O c6 8. Qc2
b6 9. Rd1 Ba6 10. b3 Nbd7 11. Bf4 Rc8 12. Nc3 dxc4 13. e4 Re8 14. Nd2 c5 15. d5
exd5 16. exd5 Nh5 17. Be3 Ne5 18. d6 Qxd6 19. Nxc4 Qb8 20. Nxe5 Qxe5 21. Rd5
Qe6 1-0

[Event "M.Botvinnik Memorial 2012"]
[Site "St. Petersburg, Russia"]
[Date "2012.09.02"]
[Round "9.11"]
[White "Belozerov, Andrei"]
[Black "Khismatullin, Denis"]
[Result "0-1"]
[WhiteElo "2504"]
[BlackElo "2636"]
[PlyCount "68"]
[EventDate "2012.08.25"]

1. e4 c5 2. c3 Nf6 3. e5 Nd5 4. Nf3 d6 5. d4 cxd4 6. Qxd4 e6 7. Nbd2 Nc6 8. Bb5
Bd7 9. Bxc6 Bxc6 10. O-O f6 11. exf6 gxf6 12. Re1 e5 13. c4 Ne7 14. Qh4 Ng6 15.
Qh5 Qd7 16. Nh4 Qg7 17. Ne4 O-O-O 18. Nf5 Qf7 19. Bh6 Kb8 20. Bxf8 Rhxf8 21.
Nfxd6 Qe6 22. Rad1 Nf4 23. Qh4 Nxg2 24. Kxg2 Rxd6 25. Rxd6 Qxd6 26. f3 Rg8+ 27.
Kh1 f5 28. Qxh7 Qe6 29. Ng3 Bxf3+ 30. Kg1 f4 31. Rxe5 Rxg3+ 32. hxg3 Qxe5 33.
Qg8+ Kc7 34. Qf7+ Kb6 0-1

[Event "M.Botvinnik Memorial 2012"]
[Site "St. Petersburg, Russia"]
[Date "2012.09.02"]
[Round "9.12"]
[White "Matsenko, Sergei"]
[Black "Demchenko, Anton"]
[Result "0-1"]
[WhiteElo "2468"]
[BlackElo "2603"]
[PlyCount "72"]
[EventDate "2012.08.25"]

1. e4 g6 2. d4 Bg7 3. Nc3 d6 4. f4 Nf6 5. Bd3 O-O 6. Nf3 Na6 7. O-O c5 8. d5
Rb8 9. a4 Nb4 10. Bc4 e6 11. dxe6 Bxe6 12. Bxe6 fxe6 13. Qe2 Qe7 14. Nb5 a6 15.
Nxd6 Qxd6 16. e5 Qd5 17. exf6 Bxf6 18. Ra3 Qf5 19. c4 Rbd8 20. h3 Nd3 21. Rb3
Rf7 22. Bd2 Nxf4 23. Bxf4 Qxf4 24. Qxe6 Kg7 25. Nh2 Qd4+ 26. Kh1 Rd6 27. Qc8
Rdd7 28. Ng4 Qxc4 29. Rbf3 Rd8 30. Qxd8 Bxd8 31. Rxf7+ Qxf7 32. Rxf7+ Kxf7 33.
Ne3 Ke6 34. b3 Ke5 35. Nc4+ Kd4 36. Nd6 b6 0-1

[Event "M.Botvinnik Memorial 2012"]
[Site "St. Petersburg, Russia"]
[Date "2012.09.02"]
[Round "9.13"]
[White "Iljiushenok, Ilia"]
[Black "Andriasian, Zaven"]
[Result "0-1"]
[WhiteElo "2413"]
[BlackElo "2600"]
[PlyCount "42"]
[EventDate "2012.08.25"]

1. e4 c5 2. Nf3 d6 3. c3 Nf6 4. Be2 g6 5. O-O Bg7 6. Bb5+ Nc6 7. d4 O-O 8. e5
Nd5 9. c4 Nc7 10. Bxc6 bxc6 11. dxc5 dxe5 12. Qa4 Ne6 13. Nc3 Qc7 14. Be3 f5
15. Ng5 Nd4 16. f3 Rb8 17. b4 h6 18. Nh3 Be6 19. Rfe1 Bxc4 20. Nf2 Rfd8 21.
Rac1 Kh7 0-1

[Event "M.Botvinnik Memorial 2012"]
[Site "St. Petersburg, Russia"]
[Date "2012.09.02"]
[Round "9.14"]
[White "Grigoryan, Avetik"]
[Black "Rozum, Ivan"]
[Result "1-0"]
[WhiteElo "2579"]
[BlackElo "2500"]
[PlyCount "75"]
[EventDate "2012.08.25"]

1. c4 e6 2. Nf3 d5 3. g3 dxc4 4. Bg2 a6 5. O-O Nf6 6. Qc2 b5 7. Ne1 Nd5 8. d3
cxd3 9. Nxd3 Bb7 10. Nc3 Nd7 11. Nxd5 exd5 12. Nf4 Nb6 13. Be3 Nc4 14. Rad1
Nxe3 15. fxe3 c6 16. e4 Bd6 17. exd5 c5 18. Nh5 O-O 19. Qc3 Qg5 20. Rf5 Qg6 21.
Nf6+ Kh8 22. Rdf1 Bc8 23. R5f2 c4 24. e3 Ra7 25. Ne4 Bb8 26. Qd4 f5 27. b4 cxb3
28. axb3 Re7 29. Nc5 a5 30. e4 Qd6 31. exf5 Ba7 32. f6 gxf6 33. Rxf6 Rxf6 34.
Rxf6 Re1+ 35. Kf2 Qe5 36. Rf8+ Kg7 37. Qxe5+ Rxe5 38. Rxc8 1-0

[Event "M.Botvinnik Memorial 2012"]
[Site "St. Petersburg, Russia"]
[Date "2012.09.02"]
[Round "9.15"]
[White "Onischuk, Vladimir"]
[Black "Predke, Alexandr"]
[Result "1-0"]
[WhiteElo "2547"]
[BlackElo "2483"]
[PlyCount "73"]
[EventDate "2012.08.25"]

1. Nf3 d5 2. g3 c6 3. Bg2 Bg4 4. b3 Nd7 5. Bb2 Ngf6 6. d3 e6 7. Nbd2 Be7 8. O-O
O-O 9. h3 Bh5 10. e4 a5 11. a3 Qb6 12. Rb1 Qa6 13. Qe1 b5 14. Kh1 Rac8 15. Nh2
dxe4 16. dxe4 Ne8 17. f4 f6 18. Nhf3 a4 19. e5 f5 20. bxa4 bxa4 21. c4 c5 22.
Ba1 Nc7 23. Qc1 Rb8 24. Qc2 Na8 25. Nh2 Rfd8 26. Rbe1 Bg6 27. Rg1 Nab6 28. Nhf1
Rbc8 29. Ne3 Nb8 30. g4 fxg4 31. f5 exf5 32. Nxf5 Bg5 33. Ne4 Qxc4 34. Qxc4+
Nxc4 35. hxg4 Bxf5 36. gxf5 Be3 37. Bf1 1-0